|
|
|
|
| LEADER |
01177nam a2200265 a 4500 |
| 001 |
13171039 |
| 008 |
091005s2000 bg a b 001 0 eng d |
| 010 |
|
|
|a 2002288922
|
| 020 |
|
|
|a 9843109775
|
| 040 |
|
|
|a DLC
|c DLC
|d DLC
|
| 082 |
0 |
0 |
|a 306.74095492
|2 21
|
| 100 |
1 |
|
|a Ahsan Ullah, A. K. M.
|
| 245 |
1 |
4 |
|a The horror :
|b a study on commercial sex and the risk of HIV/AIDS in Bangladesh /
|c A.K.M. Ahsan Ullah, Abdar Rahman.
|
| 260 |
|
|
|a Dhaka :
|b Association for Rural Development and Studies (ARDS) and BRAC, Research and Evaluation Division,
|c 2000.
|
| 300 |
|
|
|a 144 p. :
|b ill. ;
|c 22 cm.
|
| 504 |
|
|
|a Includes bibliographical references (p. [107]-117) and index.
|
| 541 |
1 |
|
|e 00007753
|
| 650 |
|
0 |
|a Prostitution
|z Bangladesh.
|
| 650 |
|
0 |
|a AIDS (Disease)
|z Bangladesh.
|
| 700 |
1 |
|
|a Rahman, Abdar.
|
| 710 |
2 |
|
|a Association for Rural Development and Studies (Dhaka, Bangladesh)
|
| 710 |
2 |
|
|a Bangladesh Rural Advancement Committee.
|
| 852 |
4 |
|
|a Ayesha Abed Library
|j General shelf
|
| 999 |
|
|
|c 4477
|d 4477
|
| 952 |
|
|
|0 0
|1 0
|2 ddc
|4 0
|6 306_740954920000000_AHS_2000
|7 0
|9 9593
|a BRACUL
|b BRACUL
|c GEN
|d 2010-04-29
|l 2
|m 20
|o 306.74095492 AHS
|p 3010007753
|r 2016-09-01
|s 2016-05-10
|t 2
|w 2010-04-29
|y BK
|